|
|
|
|
| LEADER |
02275nam a2200457 i 4500 |
| 001 |
EBC1866480 |
| 003 |
MiAaPQ |
| 005 |
20200520144314.0 |
| 006 |
m o d | |
| 007 |
cr cnu|||||||| |
| 008 |
140807s2015 ncua ob 001 0beng|d |
| 020 |
|
|
|z 9780822357650 (hardcover alk. paper)
|
| 020 |
|
|
|z 9780822357810 (pbk. alk. paper)
|
| 020 |
|
|
|a 9780822376125 (e-book)
|
| 035 |
|
|
|a (MiAaPQ)EBC1866480
|
| 035 |
|
|
|a (Au-PeEL)EBL1866480
|
| 035 |
|
|
|a (CaPaEBR)ebr10991570
|
| 035 |
|
|
|a (CaONFJC)MIL664804
|
| 035 |
|
|
|a (OCoLC)897070266
|
| 040 |
|
|
|a MiAaPQ
|b eng
|e rda
|e pn
|c MiAaPQ
|d MiAaPQ
|
| 043 |
|
|
|a n-mx---
|
| 050 |
|
4 |
|a ND259.Z787
|b V38 2015
|
| 082 |
0 |
|
|a 759.972
|a B
|2 23
|
| 100 |
1 |
|
|a Vaughan, Mary K.,
|d 1942-
|e author.
|
| 245 |
1 |
0 |
|a Portrait of a young painter :
|b Pepe Zuniga and Mexico City's rebel generation /
|c Mary Kay Vaughan.
|
| 264 |
|
1 |
|a Durham :
|b Duke University Press,
|c 2015.
|
| 300 |
|
|
|a 1 online resource (312 pages) :
|b illustrations
|
| 336 |
|
|
|a text
|2 rdacontent
|
| 337 |
|
|
|a computer
|2 rdamedia
|
| 338 |
|
|
|a online resource
|2 rdacarrier
|
| 504 |
|
|
|a Includes bibliographical references and index.
|
| 505 |
0 |
|
|a Lupe's voice -- Enchanting city/magical radio -- Pepe at school and with God, the Virgin, and the saints -- My father, my teacher -- The Zuniga family as a radionovela -- "How difficult is adolescence!" -- "Five pesos, two pencils, and an eraser!" -- Exuberant interlude : painting at the Museo de Antropologia -- Private struggle/public protest : 1965-1972 -- Subjectivity and the public sphere : the mature art of Jose Zuniga.
|
| 588 |
|
|
|a Description based on print version record.
|
| 590 |
|
|
|a Electronic reproduction. Ann Arbor, MI : ProQuest, 2015. Available via World Wide Web. Access may be limited to ProQuest affiliated libraries.
|
| 600 |
1 |
0 |
|a Zuniga, Jose,
|d 1937-
|
| 650 |
|
0 |
|a Painters
|z Mexico
|v Biography.
|
| 650 |
|
0 |
|a Art
|x Political aspects
|z Mexico.
|
| 655 |
|
4 |
|a Electronic books.
|
| 776 |
0 |
8 |
|i Print version:
|a Vaughan, Mary K.
|t Portrait of a young painter : Pepe Zuniga and Mexico City's rebel generation.
|d Durham : Duke University Press, 2015
|z 9780822357650
|
| 797 |
2 |
|
|a ProQuest (Firm)
|
| 856 |
4 |
0 |
|u https://ebookcentral.proquest.com/lib/matrademy/detail.action?docID=1866480
|z Click to View
|